Building surveys and report

Bibliographic Details
Main Author: Noy, Edward A
Other Authors: Douglas, James
Format: Book
Language:English
Published: Oxford : Blackwell Pub. , 2005
Edition:3rd ed.
Subjects:

MARC

LEADER 00000cam a2200000 7i4500
001 0000020002
005 20091110.0
008 091109s -uka eng
020 |a 9781405121477 ,   |c RM398.00 
040 |a INS 
090 0 0 |a TH439   |b N69 2005 
100 1 |a Noy, Edward A 
245 1 0 |a Building surveys and report   |c Edward A.Noy : revised by James Douglas 
250 |a 3rd ed. 
260 |a Oxford :   |b Blackwell Pub. ,   |c 2005 
300 |a xiii, 416p. :   |b ill. ;   |c 24cm. 
500 |a Includes index 
504 |a Bibliography : 387- 411 
650 0 |a Building inspection 
650 0 |a Buildings   |x Defects 
700 1 |a Douglas, James 
999 |a 0000021244   |b BOOK   |c Open Shelf   |e Default branch